<?xml version="1.0" encoding="UTF-8"?>
<record
    xmlns:xsi="http://www.w3.org/2001/XMLSchema-instance"
    xsi:schemaLocation="http://www.loc.gov/MARC21/slim http://www.loc.gov/standards/marcxml/schema/MARC21slim.xsd"
    xmlns="http://www.loc.gov/MARC21/slim">

  <leader>01697nam a2200301   4500</leader>
  <controlfield tag="001">318</controlfield>
  <controlfield tag="003">OSt</controlfield>
  <controlfield tag="005">20250327125651.0</controlfield>
  <controlfield tag="008">250325b        |||||||e |||| 00| e eng d</controlfield>
  <datafield tag="040" ind1=" " ind2=" ">
    <subfield code="b">por</subfield>
  </datafield>
  <datafield tag="041" ind1=" " ind2=" ">
    <subfield code="h">por</subfield>
    <subfield code="a">por</subfield>
  </datafield>
  <datafield tag="082" ind1=" " ind2=" ">
    <subfield code="a">282</subfield>
    <subfield code="b">V658h</subfield>
  </datafield>
  <datafield tag="100" ind1="1" ind2=" ">
    <subfield code="a">Ant&#xF4;nio Vieira, Padre</subfield>
    <subfield code="d">1608-1697</subfield>
  </datafield>
  <datafield tag="245" ind1=" " ind2=" ">
    <subfield code="a">Hist&#xF3;rias do futuro / </subfield>
    <subfield code="c">Ant&#xF4;nio Vieira, Padre ;</subfield>
  </datafield>
  <datafield tag="260" ind1=" " ind2=" ">
    <subfield code="a">Esp&#xED;rito Santo</subfield>
    <subfield code="b">Formar</subfield>
    <subfield code="c">1978</subfield>
  </datafield>
  <datafield tag="300" ind1=" " ind2=" ">
    <subfield code="a">179 p.</subfield>
  </datafield>
  <datafield tag="490" ind1="1" ind2=" ">
    <subfield code="a">Grandes Mestres do Pensamento</subfield>
    <subfield code="v">Livro 3</subfield>
  </datafield>
  <datafield tag="500" ind1=" " ind2=" ">
    <subfield code="a">Volume 3 da Cole&#xE7;&#xE3;o "Grande Mestres do Pensamentos".</subfield>
  </datafield>
  <datafield tag="520" ind1=" " ind2=" ">
    <subfield code="a">Hist&#xF3;ria do Futuro &#xE9; uma obra do Padre Ant&#xF3;nio Vieira, escrita no s&#xE9;culo XVII, que apresenta uma vis&#xE3;o prof&#xE9;tica sobre o destino de Portugal e sua miss&#xE3;o no mundo. Inspirado por conceitos religiosos e messi&#xE2;nicos, Vieira desenvolve a ideia do "Quinto Imp&#xE9;rio", um per&#xED;odo de gl&#xF3;ria e expans&#xE3;o do reino portugu&#xEA;s, baseado em interpreta&#xE7;&#xF5;es b&#xED;blicas e na cren&#xE7;a de que Portugal teria um papel central na difus&#xE3;o do cristianismo.

O livro mistura elementos hist&#xF3;ricos, teol&#xF3;gicos e pol&#xED;ticos, refletindo o pensamento vision&#xE1;rio de Vieira e seu desejo de revitaliza&#xE7;&#xE3;o da na&#xE7;&#xE3;o portuguesa. Embora tenha sido proibido pela Inquisi&#xE7;&#xE3;o e s&#xF3; publicado postumamente no s&#xE9;culo XVIII, Hist&#xF3;ria do Futuro continua sendo uma obra fundamental para compreender o pensamento sebastianista e a mentalidade messi&#xE2;nica da &#xE9;poca.</subfield>
  </datafield>
  <datafield tag="650" ind1=" " ind2="0">
    <subfield code="a">Literatura portuguesa</subfield>
    <subfield code="9">91</subfield>
  </datafield>
  <datafield tag="650" ind1=" " ind2="0">
    <subfield code="a">Teologia</subfield>
    <subfield code="9">635</subfield>
  </datafield>
  <datafield tag="650" ind1=" " ind2="0">
    <subfield code="a">Politica</subfield>
    <subfield code="9">138</subfield>
  </datafield>
  <datafield tag="650" ind1=" " ind2="0">
    <subfield code="a">Evangeliza&#xE7;&#xE3;o</subfield>
    <subfield code="9">636</subfield>
  </datafield>
  <datafield tag="655" ind1=" " ind2="0">
    <subfield code="a">N&#xE3;o Fic&#xE7;&#xE3;o</subfield>
    <subfield code="9">102</subfield>
  </datafield>
  <datafield tag="655" ind1=" " ind2="0">
    <subfield code="a">Ensaio</subfield>
    <subfield code="9">417</subfield>
  </datafield>
  <datafield tag="830" ind1=" " ind2=" ">
    <subfield code="a">Grandes Mestres do Pensamento</subfield>
    <subfield code="v">vol. 3</subfield>
    <subfield code="9">596</subfield>
  </datafield>
  <datafield tag="942" ind1=" " ind2=" ">
    <subfield code="2">ddc</subfield>
    <subfield code="n">0</subfield>
    <subfield code="c">BK</subfield>
  </datafield>
  <datafield tag="952" ind1=" " ind2=" ">
    <subfield code="0">0</subfield>
    <subfield code="1">0</subfield>
    <subfield code="2">ddc</subfield>
    <subfield code="3">vol. 04</subfield>
    <subfield code="4">0</subfield>
    <subfield code="7">0</subfield>
    <subfield code="8">NFIC</subfield>
    <subfield code="a">BIBIB</subfield>
    <subfield code="b">BIBIB</subfield>
    <subfield code="c">PF</subfield>
    <subfield code="d">2025-03-25</subfield>
    <subfield code="e">doa&#xE7;&#xE3;o</subfield>
    <subfield code="l">0</subfield>
    <subfield code="o">282 / V658h</subfield>
    <subfield code="p">2025-17271</subfield>
    <subfield code="r">2025-03-25 10:06:02</subfield>
    <subfield code="w">2025-03-25</subfield>
    <subfield code="y">BK</subfield>
  </datafield>
  <datafield tag="999" ind1=" " ind2=" ">
    <subfield code="c">318</subfield>
    <subfield code="d">318</subfield>
  </datafield>
</record>
